| 000 -LEADER |
| fixed length control field |
01068cam a2200289 i 4500 |
| 003 - CONTROL NUMBER IDENTIFIER |
| control field |
OSt |
| 005 - DATE AND TIME OF LATEST TRANSACTION |
| control field |
20200316164334.0 |
| 008 - FIXED-LENGTH DATA ELEMENTS--GENERAL INFORMATION |
| fixed length control field |
180428s2018 ii ab b 010 0 eng d |
| 020 ## - INTERNATIONAL STANDARD BOOK NUMBER |
| International Standard Book Number |
9789387587533 |
| Qualifying information |
(set ; hardback) |
| 035 ## - SYSTEM CONTROL NUMBER |
| System control number |
(OCoLC)on1044792422 |
| 040 ## - CATALOGING SOURCE |
| Original cataloging agency |
DKAGE |
| Language of cataloging |
eng |
| Description conventions |
rda |
| Transcribing agency |
DKAGE |
| Modifying agency |
OCLCF |
| -- |
OCLCO |
| -- |
DLC |
| 082 04 - DEWEY DECIMAL CLASSIFICATION NUMBER |
| Classification number |
954 |
| Edition number |
23 |
| Item number |
CHE |
| 245 00 - TITLE STATEMENT |
| Title |
History, culture and archaeological studies : |
| Remainder of title |
recent trends : commemoration volume to Prof. M.L.K. Murty / |
| Statement of responsibility, etc |
editor, Pedarapu Chenna Reddy. |
| 300 ## - PHYSICAL DESCRIPTION |
| Extent |
3 volumes (xxxvi, 1000 pages) : |
| Other physical details |
illustrations (black and white, and color), maps (black and white, and color) ; |
| Dimensions |
29 cm |
| 500 ## - GENERAL NOTE |
| General note |
Contributed articles. |
| 504 ## - BIBLIOGRAPHY, ETC. NOTE |
| Bibliography, etc |
Includes bibliographical references. |
| 650 #0 - SUBJECT ADDED ENTRY--TOPICAL TERM |
| Topical term or geographic name as entry element |
Arts, Indic. |
| 650 #7 - SUBJECT ADDED ENTRY--TOPICAL TERM |
| Topical term or geographic name as entry element |
Antiquities. |
| Source of heading or term |
fast |
| 650 #7 - SUBJECT ADDED ENTRY--TOPICAL TERM |
| Topical term or geographic name as entry element |
Arts, Indic. |
| Source of heading or term |
fast |
| 650 #7 - SUBJECT ADDED ENTRY--TOPICAL TERM |
| Topical term or geographic name as entry element |
Civilization. |
| Source of heading or term |
fast |
| 651 #0 - SUBJECT ADDED ENTRY--GEOGRAPHIC NAME |
| Geographic name |
India |
| General subdivision |
Civilization. |
| 651 #0 - SUBJECT ADDED ENTRY--GEOGRAPHIC NAME |
| Geographic name |
India |
| General subdivision |
Antiquities. |
| 651 #7 - SUBJECT ADDED ENTRY--GEOGRAPHIC NAME |
| Geographic name |
India. |
| Source of heading or term |
fast |
| 700 1# - ADDED ENTRY--PERSONAL NAME |
| Personal name |
Murty, M. L. K., |
| Relator term |
honouree. |
| 700 1# - ADDED ENTRY--PERSONAL NAME |
| Personal name |
Chenna Reddy, P. |
| Fuller form of name |
(Pedarapu), |
| Dates associated with a name |
1959- |
| Relator term |
editor. |
| 942 ## - ADDED ENTRY ELEMENTS (KOHA) |
| Source of classification or shelving scheme |
|